[Event "Challenge"]
[Site "http://www.queenalice.com/game.php?id=130049"]
[Date "2006.11.16"]
[Round "-"]
[White "MC"]
[Black "everton_jacobi"]
[Result "0-1"]
[WhiteElo "1290"]
[BlackElo "1598"]

1. e4 c5 2. Nc3 Nc6 3. b3 e6 4. Nh3 d5 5. Qf3 Nd4 6. Qd1 Nf6 7. Bb2 a6 8. Bd3 b5
9. e5 Nd7 10. a4 b4 11. Ne2 Nc6 12. Nef4 Ncxe5 13. Qe2 Nxd3+ 14. cxd3 Nf6 0-1

[Event "Desafio de Xadrez"]
[Site "http://www.queenalice.com/game.php?id=132622"]
[Date "2006.11.23"]
[Round "-"]
[White "everton_jacobi"]
[Black "Luke1416"]
[Result "0-1"]
[WhiteElo "1582"]
[BlackElo "1602"]

1. e4 e5 2. f4 d6 3. Nf3 exf4 4. Bc4 Be6 5. d3 Bxc4 6. dxc4 Nc6 7. O-O Nb4 8. a3
Nc6 9. Bxf4 Nf6 10. Re1 Be7 11. Nc3 O-O 12. Nd5 Nh5 13. Nxe7+ Qxe7 14. Bd2 a6
15. Bc3 b5 16. cxb5 axb5 17. e5 dxe5 18. Nxe5 Nxe5 19. Bxe5 Nf6 20. Bc3 Qc5+ 21.
Bd4 Qg5 22. Bc3 Rad8 23. Qe2 Rfe8 24. Qf3 h6 25. Ba5 Rxe1+ 26. Rxe1 Re8 27.
Rxe8+ Nxe8 28. Qe2 Kf8 29. Bb4+ Nd6 30. c4 bxc4 31. Qxc4 Kg8 32. Qxc7 Ne4 33.
Qd8+ Qxd8 0-1

[Event "Challenge"]
[Site "http://www.queenalice.com/game.php?id=132705"]
[Date "2006.11.23"]
[Round "-"]
[White "everton_jacobi"]
[Black "Susi"]
[Result "0-1"]
[WhiteElo "1602"]
[BlackElo "1497"]

1. e4 e5 2. Nf3 Nc6 3. Bc4 Bc5 4. d3 d6 5. Ng5 Nh6 6. Nc3 Qf6 7. O-O Bg4 8. Qd2
a6 9. h3 Bd7 10. Nd5 Qd8 11. c3 Na5 12. d4 Nxc4 13. Qe2 Na5 14. dxc5 dxc5 15.
Qh5 O-O 16. Nf3 c6 17. Bxh6 cxd5 18. Be3 d4 19. cxd4 exd4 20. Bd2 f5 21. e5 Nc4
22. Bc1 d3 23. b3 Be8 24. Qg5 Na5 25. Qxd8 Rxd8 26. Bg5 Rd5 27. e6 Bh5 28. Nd2
Re8 29. Rfe1 Nc6 30. Rad1 Bxd1 0-1

[Event "Challenge"]
[Site "http://www.queenalice.com/game.php?id=156986"]
[Date "2007.1.21"]
[Round "-"]
[White "Denorwaygths"]
[Black "everton_jacobi"]
[Result "1-0"]
[WhiteElo "1837"]
[BlackElo "1671"]

1. Nf3 g6 2. e4 Bg7 3. Bc4 e5 4. d4 exd4 5. Nxd4 d6 6. Qf3 Nf6 7. e5 dxe5 8. Ne2
O-O 9. Bg5 e4 10. Qf4 b6 11. Nbc3 Bb7 12. Rd1 Nbd7 13. Bb5 Qc8 14. Bxf6 Nxf6 15.
O-O a6 16. Bc4 b5 17. Bb3 Rd8 18. Ng3 c5 19. a3 c4 20. Ba2 Nd5 21. Nxd5 Bxd5 22.
c3 Qb7 23. Rfe1 f5 24. h4 e3 25. f3 Re8 26. Rxe3 Qb6 27. Re1 Bf8 28. Nf1 Re6 29.
Kh1 Rxe3 30. Nxe3 Bd6 31. Nxd5 Bxf4 32. Nxb6 Bg3 33. Nxa8 Bxe1 34. Nc7 a5 35.
Nxb5 Bxh4 36. Bxc4+ Kg7 37. Be2 1-0

[Event "AUTO-INT-370"]
[Site "http://www.queenalice.com/game.php?id=177619"]
[Date "2007.3.6"]
[Round "1"]
[White "wolframwuttkefussballgott"]
[Black "everton_jacobi"]
[Result "0-1"]
[WhiteElo "1253"]
[BlackElo "1652"]

1. d4 d5 2. c4 dxc4 3. b3 cxb3 4. axb3 e6 5. Nf3 Nf6 6. Bg5 Bb4+ 7. Bd2 Nc6 8.
e3 a6 9. Bxb4 Nxb4 10. Na3 O-O 0-1

[Event "AUTO-INT-370"]
[Site "http://www.queenalice.com/game.php?id=177637"]
[Date "2007.3.6"]
[Round "1"]
[White "everton_jacobi"]
[Black "csegura"]
[Result "1-0"]
[WhiteElo "1656"]
[BlackElo "1446"]

1. e4 e5 2. Nf3 f6 3. Bc4 c6 4. d3 d5 5. exd5 cxd5 6. Bb3 Bb4+ 7. c3 Ba5 8. O-O
Nc6 9. Re1 Bg4 10. h3 Bh5 11. Nxe5 fxe5 12. Qxh5+ Ke7 13. d4 Nf6 14. Qe2 Ne4 15.
f3 Ng3 16. Qf2 Nf5 17. Bg5+ Kd6 18. Bxd8 Rhxd8 19. Bc2 Rf8 20. Bxf5 Rxf5 21. g4
Rf4 22. b4 Bb6 23. Kg2 g5 24. Qg3 exd4 25. h4 Kd7 26. hxg5 Bc7 27. Qh3 Raf8 28.
Qxh7+ R8f7 29. g6 Rxh7 30. gxh7 Rf8 31. g5 Be5 32. g6 b5 33. Rxe5 Nxe5 34. g7
Rxf3 35. g8=Q Nf7 36. Qg4+ 1-0

[Event "AUTO-INT-370"]
[Site "http://www.queenalice.com/game.php?id=177638"]
[Date "2007.3.6"]
[Round "1"]
[White "csegura"]
[Black "everton_jacobi"]
[Result "0-1"]
[WhiteElo "1417"]
[BlackElo "1645"]

1. d4 d5 2. c3 Nf6 3. f3 g6 4. e4 dxe4 5. Bb5+ c6 6. Ba4 exf3 7. gxf3 Bg7 8. Bg5
O-O 9. Qd3 Bf5 10. Qd1 Re8 11. f4 Ne4 12. Nf3 Nxg5 13. Nxg5 h5 14. O-O f6 15.
Bb3+ e6 16. Nd2 fxg5 17. Re1 gxf4 18. Re5 Bxe5 19. dxe5 Qg5+ 20. Kf1 Bh3+ 21.
Ke2 Qg2+ 22. Kd3 Bf5+ 23. Kd4 a5 24. c4 Qf2+ 25. Kc3 Qe3# 0-1

[Event "AUTO-INT-370"]
[Site "http://www.queenalice.com/game.php?id=177639"]
[Date "2007.3.6"]
[Round "1"]
[White "everton_jacobi"]
[Black "crister"]
[Result "1-0"]
[WhiteElo "1582"]
[BlackElo "1841"]

1. e4 e5 2. Nf3 Nf6 3. Nc3 d6 4. h3 Be7 5. Bc4 O-O 6. d3 a6 7. a3 c6 8. Ne2 b5
9. Ba2 Bb7 10. Ng3 c5 11. Nf5 g6 12. Nxe7+ Qxe7 13. Bh6 Re8 14. Ng5 d5 15. Qf3
Nh5 16. exd5 Qd7 17. O-O Nf4 18. c4 Nh5 19. Ne4 Re7 20. g4 Ng7 21. Nf6+ Kf8 22.
Nxd7+ Rxd7 23. Rae1 Rd8 24. Qf6 1-0

[Event "AUTO-INT-370"]
[Site "http://www.queenalice.com/game.php?id=177640"]
[Date "2007.3.6"]
[Round "1"]
[White "crister"]
[Black "everton_jacobi"]
[Result "0-1"]
[WhiteElo "1815"]
[BlackElo "1608"]

1. e4 c5 2. Bc4 e6 3. d4 cxd4 4. Nf3 Nc6 5. Nxd4 Bc5 6. Nxc6 bxc6 7. O-O d5 8.
exd5 cxd5 9. Bb5+ Bd7 10. Nc3 Ne7 11. Bf4 Ng6 12. Bxd7+ Qxd7 13. Bg3 O-O 14. a3
Rad8 15. Ne2 f5 16. Nf4 Nxf4 17. Bxf4 Be7 18. b4 Bf6 19. Rc1 e5 20. Bd2 f4 21.
f3 Qa4 22. Rb1 Qxa3 23. Ra1 Qb2 24. Rxa7 Qd4+ 0-1

[Event "AUTO-ADV-514"]
[Site "http://www.queenalice.com/game.php?id=220476"]
[Date "2007.6.4"]
[Round "1"]
[White "andrevillares"]
[Black "everton_jacobi"]
[Result "1-0"]
[WhiteElo "1939"]
[BlackElo "1678"]

1. d4 d5 2. c4 dxc4 3. e4 e5 4. d5 Nf6 5. Bg5 h6 6. Bxf6 Qxf6 7. Bxc4 c6 8. Nc3
Bb4 9. Nf3 O-O 10. Qb3 a5 11. O-O b5 12. Be2 Re8 13. dxc6 Nxc6 14. Bxb5 Bxc3 15.
Qxc3 Re6 16. Bc4 Re7 17. Bd5 Bd7 18. Rac1 Nb4 19. Bxa8 Nxa2 20. Qxa5 Nxc1 21.
Rxc1 Qg6 22. Qd8+ Re8 23. Qxd7 Rxa8 24. Rc8+ Rxc8 25. Qxc8+ Kh7 26. Qf5 Qxf5 27.
exf5 f6 28. b4 1-0

[Event "AUTO-ADV-514"]
[Site "http://www.queenalice.com/game.php?id=220477"]
[Date "2007.6.4"]
[Round "1"]
[White "everton_jacobi"]
[Black "andrevillares"]
[Result "0-1"]
[WhiteElo "1672"]
[BlackElo "1945"]

1. e4 Nf6 2. Nc3 d5 3. e5 d4 4. exf6 dxc3 5. fxg7 cxd2+ 6. Qxd2 Qxd2+ 7. Bxd2
Bxg7 8. c3 Bf5 9. g3 Nd7 10. Bg2 c6 11. Nf3 O-O-O 12. O-O Nc5 13. Rfe1 e6 14.
Bf1 Bg4 15. Be3 Na4 16. Ng5 Rdf8 17. h3 h6 18. hxg4 hxg5 19. Rab1 Bf6 20. Bxa7
b6 21. Ba6+ Kc7 22. Rbc1 Ra8 23. Bxb6+ Nxb6 24. Bd3 Rxa2 25. b4 Nd5 26. b5 c5
27. c4 Nb4 28. Bb1 Rd2 29. f4 Bd4+ 0-1

[Event "AUTO-ADV-514"]
[Site "http://www.queenalice.com/game.php?id=220488"]
[Date "2007.6.4"]
[Round "1"]
[White "dequeue"]
[Black "everton_jacobi"]
[Result "0-1"]
[WhiteElo "1738"]
[BlackElo "1665"]

1. f4 d5 2. Nf3 Nf6 3. e3 e6 4. Be2 b6 5. O-O Bc5 6. c3 Bb7 7. d4 Bd6 8. Bd2 Qe7
9. Bd3 Nbd7 10. b3 O-O-O 11. a4 Ne4 12. Be1 Ndf6 13. h3 h6 14. Qc2 g5 15. Nfd2
Nxd2 16. Qxd2 Rhg8 17. a5 gxf4 18. axb6 fxe3 19. Qe2 cxb6 20. Rxa7 e5 21. Ba6
Rd7 22. Bh4 exd4 23. Bxf6 Qe6 24. Bxd4 Qxh3 25. Ra8+ Bb8 26. Bxb7+ Rxb7 27. c4
Qh2# 0-1

[Event "AUTO-ADV-514"]
[Site "http://www.queenalice.com/game.php?id=220489"]
[Date "2007.6.4"]
[Round "1"]
[White "everton_jacobi"]
[Black "dequeue"]
[Result "1-0"]
[WhiteElo "1682"]
[BlackElo "1707"]

1. e4 d5 2. exd5 Qxd5 3. Nc3 Qa5 4. d3 e5 5. Bd2 c6 6. Nf3 Nd7 7. Ne4 Qc7 8. Qe2
Bd6 9. Nxd6+ Qxd6 10. O-O-O Ne7 11. d4 exd4 12. Be3 c5 13. c3 O-O 14. cxd4 Qd5
15. b3 cxd4 16. Bxd4 Qc6+ 17. Qc4 Nf6 18. Qxc6 Nxc6 19. Bb2 Ne4 20. Bd4 Nxd4 21.
Rxd4 Bf5 22. Bc4 Nxf2 23. Rf1 Ne4 24. Ne5 b5 25. Rxf5 bxc4 26. Rxe4 c3 27. Nd7
Rfd8 28. Re7 f6 29. g4 Rac8 30. g5 Kh8 31. gxf6 gxf6 32. Rxf6 1-0

[Event "AUTO-ADV-514"]
[Site "http://www.queenalice.com/game.php?id=220494"]
[Date "2007.6.4"]
[Round "1"]
[White "mett"]
[Black "everton_jacobi"]
[Result "1-0"]
[WhiteElo "2022"]
[BlackElo "1667"]

1. e4 c5 2. Nf3 e6 3. d3 d5 4. Nbd2 g6 5. g3 Ne7 6. Bg2 Bg7 7. O-O b6 8. c3 Bb7
9. Re1 d4 10. Qc2 Nd7 11. a4 dxc3 12. bxc3 Ba6 13. Bb2 Ne5 14. d4 cxd4 15. cxd4
Nxf3+ 16. Nxf3 Rc8 17. Qd2 O-O 18. Rac1 Nc6 19. d5 Bxb2 20. Qxb2 exd5 21. exd5
Ne7 22. Ne5 Rxc1 23. Rxc1 Nxd5 24. Nc6 Qd7 25. Bxd5 Re8 26. Bg2 Re6 27. Ne5 Qxa4
28. Bh3 Re7 29. Ng4 f5 30. Nh6+ Kf8 31. Qh8# 1-0

[Event "AUTO-ADV-514"]
[Site "http://www.queenalice.com/game.php?id=220495"]
[Date "2007.6.4"]
[Round "1"]
[White "everton_jacobi"]
[Black "mett"]
[Result "0-1"]
[WhiteElo "1684"]
[BlackElo "2058"]

1. e4 c5 2. Nf3 d6 3. Bc4 e6 4. a3 Nf6 5. d3 Nc6 6. Bg5 Be7 7. Nc3 a6 8. d4 b5
9. Be2 cxd4 10. Nxd4 Bb7 11. O-O h6 12. Bh4 O-O 13. f3 Rc8 14. a4 b4 15. Na2
Nxd4 16. Qxd4 d5 17. Nxb4 Bc5 18. Qxc5 Rxc5 19. Bxa6 Bxa6 20. Nxa6 Rxc2 21. b4
Qb6+ 22. Nc5 Qxb4 23. Bf2 Rxc5 24. Bxc5 Qxc5+ 25. Kh1 dxe4 26. f4 e3 27. a5 e2
28. Rfe1 Qf2 29. h3 Nd5 30. a6 Nxf4 31. Rg1 Qg3 32. a7 Nxh3 33. Rgb1 Nf4 34. Rg1
Qh4# 0-1

[Event "QA-ANNIV-03"]
[Site "http://www.queenalice.com/game.php?id=225832"]
[Date "2007.6.15"]
[Round "1"]
[White "everton_jacobi"]
[Black "gerchurches"]
[Result "0-1"]
[WhiteElo "1664"]
[BlackElo "2316"]

1. e4 e6 2. g3 d5 3. Bg2 dxe4 4. Bxe4 Nf6 5. Bg2 e5 6. Nc3 Nc6 7. Nge2 Bf5 8. d3
Qd7 9. Bd2 O-O-O 10. O-O Bh3 11. f4 Bc5+ 12. Kh1 h5 13. Bxh3 Qxh3 14. Ng1 Bxg1
15. Rxg1 Ng4 16. Qe2 h4 17. Be1 Nd4 18. Qg2 hxg3 19. Bxg3 Qh6 20. fxe5 Nf3 21.
Rgd1 Ngxh2 22. Bxh2 Qxh2+ 0-1

[Event "AUTO-INT-370"]
[Site "http://www.queenalice.com/game.php?id=235400"]
[Date "2007.7.6"]
[Round "2"]
[White "everton_jacobi"]
[Black "papiro"]
[Result "0-1"]
[WhiteElo "1655"]
[BlackElo "1539"]

1. e4 e5 2. Nf3 Nc6 3. Bc4 a6 4. d3 Bd6 5. Ng5 Nh6 6. Qf3 O-O 7. c3 b5 8. Bd5
Ne7 9. Bxa8 c6 10. d4 exd4 0-1

[Event "AUTO-INT-370"]
[Site "http://www.queenalice.com/game.php?id=235402"]
[Date "2007.7.6"]
[Round "2"]
[White "everton_jacobi"]
[Black "jablonski"]
[Result "0-1"]
[WhiteElo "1662"]
[BlackElo "1897"]

1. e4 e5 2. Nf3 Nc6 3. Bc4 Bc5 4. O-O Nf6 5. d3 d6 6. Ng5 O-O 7. Nc3 Bg4 8. Qe1
Nd4 9. Qd2 h6 10. Nxf7 Rxf7 11. Bxf7+ Kxf7 12. f3 Nxf3+ 0-1